00664 2200253 4500001002100000005001500021035002000036007000300056008004100059100002100100245005000121250001100171300003000182020001500212082001200227084002300239084002200262084002200284260004800306600001700354990001300371990001300384990001300397INLIS00000000000965920251216112035 a0010-0723000189ta230711 g 0 ind 0 aEvi Rine Hartuti1 aEnsiklopendi matematika 5 /cEvi Rine Hartuti aCet. 5 a44 hlm :bill ;c21.5 cm a9791451427 aR 510.3 aR 510.3 EVI e C.1 aR 510.3 EVI e C.2 aR 510.3 EVI e C.3 ayogyakarta :bEmpat Pilar Pendidikan,c2020 4aEnsiklopendi a023.3959 a023.3960 a023.3961